Fertilidad y fertilización en siembra directa /
Guardado en:
| Autor Corporativo: | |
|---|---|
| Otros Autores: | |
| Formato: | Libro |
| Idioma: | Spanish |
| Publicado: |
Buenos Aires :
AAPRESID,
2002.
|
| Etiquetas: |
Agregar Etiqueta
Sin Etiquetas, Sea el primero en etiquetar este registro!
|
| LEADER | 00537nam a22001575a 4500 | ||
|---|---|---|---|
| 001 | EEA.libagro007019 | ||
| 005 | 20170425103657.0 | ||
| 008 | 130809s2002####ag#a##########000#0#spa#d | ||
| 082 | 0 | 4 | |a 631.8 |
| 082 | 0 | 4 | |a 631.5814 |
| 245 | 0 | 0 | |a Fertilidad y fertilización en siembra directa / |c director: Víctor Trucco. |
| 260 | |a Buenos Aires : |b AAPRESID, |c 2002. | ||
| 300 | |a 103 p. : |b il. ; |c 29 cm. | ||
| 700 | 1 | |a Trucco, Víctor. | |
| 710 | 2 | |a Asociación Argentina de Productores en Siembra Directa. | |
| 859 | |a AR-BbBCA |b BIB. AGRONOMIA |h 631.8 |i T865 |p 2003/4390 | ||
